| 000 | 01681nmc a2200445 a 4500 | ||
|---|---|---|---|
| 003 | AR-BaBNM | ||
| 005 | 20251128204334.0 | ||
| 008 | 011101s1986 ||||||||||||||000 | spa|| | ||
| 020 | _a968-424-102-X | ||
| 040 | _cAR-BaBNM | ||
| 100 | 1 | _aDíaz González Iturbe, Alfredo | |
| 245 | 1 | 0 | _aIntroducción a las técnicas de investigación pedagógica |
| 250 | _a1ª ed. | ||
| 260 |
_aMéxico, D.F. _bKapelusz mexicana _c1986 |
||
| 300 |
_a231 p. _bdiagr., cuadros |
||
| 490 | 0 | _aActualización pedagógica | |
| 500 | _aNotas bibliográficas al término de los capítulos | ||
| 504 | _aApéndice: bibliografía básica clasificada: investigación bibliográfica-hemerográfica y documental - Investigación social - Investigación pedagógica - Investigación histórica - Las fuentes de la investigación - El diseño de la investigación - Recopilación, manejo e interpretación de datos - Locuciones y abreviaturas de mayor uso en la redacción de informes de investigación | ||
| 650 | 4 | _aINVESTIGACION CIENTIFICA | |
| 650 | 4 | _aHISTORIA SOCIAL | |
| 650 | 4 | _aMETODOS DE INVESTIGACION | |
| 650 | 4 | _aINVESTIGADORES | |
| 650 | 4 | _aSOLUCION DE PROBLEMAS | |
| 650 | 4 | _aINVESTIGACION CENTRADA EN LOS PROBLEMAS | |
| 650 | 4 | _aHIPOTESIS | |
| 650 | 4 | _aENTREVISTAS | |
| 650 | 4 | _aPRUEBAS ESCOLARES | |
| 650 | 4 | _aANALISIS DE DATOS | |
| 650 | 4 | _aPROCESAMIENTO DE DATOS | |
| 650 | 4 | _aCUESTIONARIOS | |
| 650 | 4 | _aREDACCION DE INFORMES | |
| 650 | 4 | _aANALISIS ESTADISTICO | |
| 650 | 4 | _aPSICOLOGIA SOCIAL | |
| 650 | 4 | _aPEDAGOGIA | |
| 651 | 4 | _aMéxico | |
| 653 | _aINVESTIGACION EDUCATIVA | ||
| 653 | _aPROBLEMAS EDUCATIVOS | ||
| 942 | _cBK | ||
| 998 | _cEthel | ||
| 999 |
_c7079 _d7079 |
||